00938cam a22002651 4500001001300000003000400013005001700017008004100034010001700075035001900092040005400111042001200165050002500177082001000202100003400212245008200246260004800328300003800376490004300414500007200457500005500529650003800584650003300622999001700655l 47000007 DLC20260227111540.0810317s1946 dcua f000 0 eng c al 47000007  a(OCoLC)7233298 aU.S. Dept. of Labor. LibrarycViBlbVdViBlbVdDLC apremarc00aHD6093b.A35 no. 209 a331.41 aWeissbrodt, Sylvia Rosenberg.10aWomen workers in ten war production areas and their postwar employment plans. aWashington,bU.S. Govt. Print. Off.,c1946. avii, 56 p.bincl. tables.c23 cm.0 aU.S. Women's Bureau. Bulletinvno. 209 aAt head of title: United States Dept. of Labor... Women's Bureau... a"By Sylvia R. Weissbrodt."--Letter of transmittal. 0aWomenxEmploymentzUnited States. 0aWorld War, 1939-1945xWomen. c36559d36559